00601nam a2200241Ia 450000500170000000800460001702000180006303700100008104000080009104000080009904000080010704100080011504100080012308400080013110000210013924500560016024500450021626000230026126000090028436500050029336500080029885600530030620260324125640.0008 260324s9999 xx 000 0 eng d a9780203889534 aEBOOK aCRL beng cCRL 2eng aeng qCRL aCatherine Morley 4aThe Quest for Epic in Contemporary American Fiction 0bJohn Updike, Philip Roth and Don DeLillo bTaylor and Francis c2008 a b240 uhttp://www.taylorfrancis.com/books/9780203889534